| 000 | 01400cam a22003134a 4500 | ||
|---|---|---|---|
| 001 | 15149292 | ||
| 005 | 20230208120611.0 | ||
| 008 | 080122s2008 nyuab b 001 0 eng | ||
| 010 | _a 2008002949 | ||
| 020 | _a9780670019700 (alk. paper) | ||
| 040 |
_aDLC _cDLC _dDLC |
||
| 043 |
_aaz----- _an-us--- _aa-af--- |
||
| 050 | 0 | 0 |
_aDS371.4 _b.R37 2008 |
| 082 | 0 | 0 |
_a954.53,RAS _222 |
| 100 | 1 |
_aRashid, Ahmed. _990631 |
|
| 245 | 1 | 0 |
_aDescent into chaos : _bthe United States and the failure of nation building in Pakistan, Afghanistan, and Central Asia / _cAhmed Rashid. |
| 260 |
_aNew York : _bViking, _c2008. |
||
| 300 |
_alviii, 484 p. : _bill., maps ; _c25 cm. |
||
| 505 | _aPart I: 9/11 and war (Page-3), Part II: The Politics of the post 9/11 world (Page-109), Part III: The failure of nation building (Page-171), Descent into chaos (Page-265). | ||
| 650 | 0 |
_aNation-building _zSouth Asia. _9108737 |
|
| 651 | 0 |
_aAfghanistan _xPolitics and government _y2001- _95437 |
|
| 651 | 0 |
_aPakistan _xPolitics and government _y1988- |
|
| 651 | 0 |
_aSouth Asia _xRelations _zUnited States. _9108738 |
|
| 651 | 0 |
_aUnited States _xRelations _zSouth Asia. _9108739 |
|
| 856 | 4 | 1 |
_3Table of contents only _uhttp://www.loc.gov/catdir/toc/ecip089/2008002949.html |
| 906 |
_a7 _bcbc _corignew _d1 _eecip _f20 _gy-gencatlg |
||
| 942 |
_2ddc _cBK _k954.53,RAS |
||
| 999 |
_c593162 _d593162 |
||